000 00567nam a2200193Ia 4500
003 GCL
005 20240530103639.0
008 140319s9999 xx 000 0 ara d
020 _a9771400061
040 _aGCL /
_cGCL
082 0 4 _a153.42
_bى س
100 1 _aيوسف ميخائيل اسعد
245 1 0 _aسيكولوجية الاعتقاد والفكر /
_cيوسف ميخائيل اسعد
260 _aالقاهرة :
_bنهضة مصر ،
_c1990
300 _a291 ص؛
_c24 سم
650 0 4 _aعلم النفس
650 0 4 _aالفكر
942 _2ddc
_cBK
999 _c41388
_d41388